书目信息 |
| 题名: |
郁达夫与劳伦斯比较研究
|
|
| 作者: | 毛信德 著 | |
| 分册: | ||
| 出版信息: | 杭州 杭州大学出版社 1998.06 |
|
| 页数: | 306页 | |
| 开本: | 32开 | |
| 丛书名: | ||
| 单 册: | ||
| 中图分类: | I106.4 | |
| 科图分类: | ||
| 主题词: | 文学--世界 | |
| 电子资源: | ||
| ISBN: | 7-81035-344-6 | |
| 000 | 00562nam0 2200193 45 | |
| 001 | 0010061576 | |
| 005 | 20001006154559.4 | |
| 010 | @a7-81035-344-6@d20.00元 | |
| 100 | @a20001006d1998 km y0chiy0120 ea | |
| 101 | 0 | @achi |
| 105 | @a z 000yy | |
| 200 | 1 | @a郁达夫与劳伦斯比较研究@AYu Da Fu Yu Lao Lun Si Bi Jiao Yan Jiu@f毛信德 著@FMao Xin De Zhu |
| 210 | @a杭州@c杭州大学出版社@d1998.06 | |
| 215 | @a306页@d32开 | |
| 606 | 0 | @a文学@x世界 |
| 690 | @aI106.4@v3 | |
| 701 | 0 | @a毛信德@4著 |
| 801 | @aCN@bPftUser@c20001006 | |
| 905 | @b168275-279@dI106.4@eM152@f5 | |
| 郁达夫与劳伦斯比较研究/毛信德 著.-杭州:杭州大学出版社,1998.06 |
| 306页;32开 |
| ISBN 7-81035-344-6:20.00元 |
| ● |
| 相关链接 |
|
|
|
正题名:郁达夫与劳伦斯比较研究
索取号:I106.4/M152
 
预约/预借
| 序号 | 登录号 | 条形码 | 馆藏地/架位号 | 状态 | 备注 |
| 1 | 168275 | 201682759 | 社科二线422/422社科库 24排1列3层/ [索取号:I106.4/M152] | 在馆 | |
| 2 | 168276 | 201682768 | 文学库108/108文学库 1排8列3层/ [索取号:I106.4/M152] | 在馆 | |
| 3 | 168277 | 201682777 | 文学库108/108文学库 1排8列3层/ [索取号:I106.4/M152] | 在馆 | |
| 4 | 168278 | 201682786 | 社科二线422/422社科库 24排1列3层/ [索取号:I106.4/M152] | 在馆 | |
| 5 | 168279 | 201682795 | 社科二线422/422社科库 24排1列3层/ [索取号:I106.4/M152] | 在馆 |